10 países com maior economia do mundo - Statistics

Estatísticas Gerais
  • Esse quiz foi jogado 263 vezes
  • A pontuação média é 9 de 10
Estatísticas das Respostas
Quantidade (em dólares) País % Correto
20,933 trilhões Estados Unidos
99%
14,723 trilhões China
98%
3,803 trilhões Alemanha
93%
2,711 trilhões Reino Unido
93%
2,599 trilhões França
91%
5,049 trilhões Japão
90%
1,643 trilhões Canadá
83%
2,709 trilhões Índia
74%
1,885 trilhões Itália
69%
1,631 trilhões Coreia do Sul
62%
Nenhum quiz correspondente encontrado
Distribuição das Pontuações
Porcentagem de Pessoas com Cada Pontuação
Percentil de Números Respondidos
Sua Pontuação Histórica
Você não jogou esse quiz